| 000 | 02146nam0a2200385 4500 | ||
|---|---|---|---|
| 001 | RU\NLR\bibl\1345594 | ||
| 005 | 20250615172146.0 | ||
| 010 |
_a5-98322-396-8 _92000 |
||
| 021 |
_aRU _b2009-2820 _9152 |
||
| 035 | _a(nilc)RSL-KNO-004236763 | ||
| 035 | _a(NLR Aleph) 001330724 | ||
| 090 |
_a798615 _c798615 |
||
| 100 | _a20090225d2008 |||y0rusy50 ca | ||
| 101 | 1 |
_arus _cger |
|
| 102 | _aRU | ||
| 105 | _aa ||||||||| | ||
| 200 | 1 |
_aУкладки и режимы при магнитно-резонансной томографии _fТорстен Б. Меллер, Эмиль Райф _gпер. с нем. [Ш. Ш. Шотемор] _gпод общ. ред. Ш. Ш. Шотемора |
|
| 210 |
_aМосква _cМЕДпресс-информ _d2008 |
||
| 215 |
_a231 с. _cил. _d22 |
||
| 300 | _aЗагл. и авт. ориг.: MRT-Einstelltechnik/T.B. Möller, E. Reif | ||
| 454 | 0 |
_12001#$aMRT-Einstelltechnik$fT.B. Moller, E. Reif _1700#1$aMöller$bT. B.$gTorsten B.$cд-р медицины$3RU\NLR\AUTH\770157134$4070 _1701#1$aReif$bE.$gEmil$3RU\NLR\AUTH\770176353$4070 _tMRT-Einstelltechnik _aMöller, Torsten B. (д-р медицины) |
|
| 606 | 1 |
_aМагнитно-резонансная томография _jРуководства, пособия и т.п. _xМетодика и техника _92570898 _3RU\NLR\auth\661520295 |
|
| 610 | 0 | _aЗдравоохранение. Медицинские науки -- Медицинская радиология и рентгенология -- Лучевая диагностика -- Рентгенодиагностика -- Томография -- Пособие для специалистов | |
| 686 |
_aР364.155,07 _2rubbk |
||
| 686 | _aР343.39с.я7 | ||
| 700 | 1 |
_4070 _7ca _8rus _aМёллер _bТ. Б. _cд-р медицины _gТорстен Б. _9157092 _3RU\NLR\AUTH\770157132 |
|
| 701 | 1 |
_4070 _7ca _8rus _aРайф _bЭ. _gЭмиль _9176301 _3RU\NLR\AUTH\770176352 |
|
| 801 | 0 |
_aRU _bРКП _c20090225 _grcr |
|
| 801 | 1 |
_aRU _bРГБ _c20090225 |
|
| 801 | 2 |
_aRU _bNLR _c20090325 _grcr |
|
| 830 | _aпо кн | ||
| 942 | _cBOOK | ||
| 980 | _aNB | ||